Vista normal
Vista MARC
Entrada Materia (personas)
Número de registros utilizados en: 4
001 - CONTROL NUMBER
- control field: 68056
003 - CONTROL NUMBER IDENTIFIER
- control field: Co-BoUCM
005 - DATE AND TIME OF LATEST TRANSACTION
- control field: 20150320080038.0
008 - FIXED-LENGTH DATA ELEMENTS
- fixed length control field: 150320|| aca||aabn | a|a d
040 ## - CATALOGING SOURCE
- Original cataloging agency: Co-BoUCM
- Transcribing agency: Co-BoUCM
100 ## - HEADING--PERSONAL NAME
- Personal name: Brecht, Bertolt
- Dates associated with a name: 1898-1956
670 ## - SOURCE DATA FOUND
- Source citation: Work cat.: (Co-BoUCM)299000: Brecht, Bertolt 1898-1956, 80 poemas y canciones, 2011